000 02065 a2200229 4500
003 Nust
005 20221102115503.0
010 _a 95002344
020 _a0123825806 (pbk. : acid-free paper)
040 _cNust
082 0 0 _a510,JEF
100 1 _aJeffrey, Alan.
_938997
245 1 0 _aHandbook of mathematical formulas and integrals /
_c Alan Jeffrey.
246 3 0 _aMathematical formulas and integrals
250 _a3rd ed
260 _aSan Diego :
_bAcademic Press,
_c2004.
300 _axxvi, 453p. :
_bill. ;
_c24 cm.
505 _aQuick Reference List of Frequently Used Data (Page-1), Numerical Algebraic and Analytical Results for series and Calculus (Page-25), Functions and Identities (Page-101), Derivatives of Elementary Functions (Page-139), Indefinite Integrals of Algebraic Functions (Page-145), Indefinite Integrals of Exponential Functions (Page-167), Indefinite Integrals of Logarithmic Functions (Page-173), Indefinite Integrals of Hyperbolic Functions (Page-179), Indefinite integrals Involving Inverse Hyperbolic Functions (Page-191), Indefinite Integrals of Trigonometric Functions (Page-197), Indefinite Integrals of Inverse Trigonometric Function (Page-215), The Gamma Beta PI and Psi Functions (Page-221), Elliptic Integrals and Functions (Page-229), Probability Integrals and the Error Functions (Page-239)Fresnel Integrals Sine and Cosine Integrals (Page-245), Definite Integrals (Page-249), Different Forms of Fourier Series (Page-257), Bessel Functions (Page-269), Orthogonal Polynomials (Page-285), Laplace Transformation (Page-299), Fourier Transforms (Page-307), Numerical Integral (Page-315), Solutions of Standard Ordinary Differential Equations (Page-321), Vector Analysis (Page-353), Systems of Orthogonal Coordinates (Page-369), Partial Differential Equations and Special Functions (Page-381), The Z- Transform (Page-403), Numerical Approximation (Page-409), Solutions of Elliptic ,Parabolic and Hyperbolic Equations (Page-419).
650 0 _aMathematics
650 0 _aMathematics
_9102241
942 _2ddc
_cBK
_k510,JEF
999 _c180124
_d180124